Direct current machines / (Record no. 66709)
[ view plain ]
| 000 -LEADER | |
|---|---|
| fixed length control field | 00786nam a2200265 a 4500 |
| 001 - CONTROL NUMBER | |
| control field | 66709 |
| 003 - CONTROL NUMBER IDENTIFIER | |
| rucl marc code | BD-RjUL |
| 005 - DATE AND TIME OF LATEST TRANSACTION | |
| control field | 20211209081553.0 |
| 008 - FIXED-LENGTH DATA ELEMENTS--GENERAL INFORMATION | |
| fixed length control field | 170319s1964 enka 001 0 eng d |
| 035 ## - SYSTEM CONTROL NUMBER | |
| System control number | (BD-RjUL)66840 |
| 040 ## - CATALOGING SOURCE | |
| Original cataloging agency | BD-RjUL |
| Language of cataloging | eng |
| Transcribing agency | BD-RjUL |
| Modifying agency | BD-RjUL |
| 041 ## - LANGUAGE CODE | |
| Language code of text/sound track or separate title | eng |
| 082 ## - DEWEY DECIMAL CLASSIFICATION NUMBER | |
| Edition number | 23 |
| Classification number | 621.3132 |
| Author mark and year | RAD 1964 |
| 100 ## - MAIN ENTRY--PERSONAL NAME | |
| Personal name | Ranson, H.B. |
| 9 (RLIN) | 197477 |
| 245 10 - TITLE STATEMENT | |
| Title | Direct current machines / |
| Statement of responsibility, etc. | H.B.Ranson & E.T.A.Webb |
| 250 ## - EDITION STATEMENT | |
| Edition statement | 2nd ed. |
| 260 ## - PUBLICATION, DISTRIBUTION, ETC. (IMPRINT) | |
| Place of publication, distribution, etc. | London : |
| Name of publisher, distributor, etc. | Mcmillan, |
| Date of publication, distribution, etc. | c1960 [Reprinted 1964] |
| 300 ## - PHYSICAL DESCRIPTION | |
| Pagination | 320 p. : |
| Size | 23 cm |
| Illustrations | ill ; |
| 490 ## - SERIES STATEMENT | |
| Series statement | Cleaver-Hume Electrical Series |
| 500 ## - GENERAL NOTE | |
| General note | Includes Index. |
| 650 #0 - SUBJECT ADDED ENTRY--TOPICAL TERM | |
| Topical term or geographic name as entry element | Electric machinery |
| General subdivision | Direct current. |
| 9 (RLIN) | 43154 |
| 700 ## - ADDED ENTRY--PERSONAL NAME | |
| Personal name | Webb, E.T.A. |
| 856 ## - ELECTRONIC LOCATION AND ACCESS | |
| Materials specified | Cleaver-Hume Electrical Series |
| 942 ## - ADDED ENTRY ELEMENTS (KOHA) | |
| Source of classification or shelving scheme | Dewey Decimal Classification |
| Koha item type | Books |
| Lost status | Source of classification or shelving scheme | Damaged status | Not for loan | Collection code | Permanent Location | Current Location | Shelving location | Date acquired | Source of acquisition | Total Checkouts | Full call number | Date last seen | Copy number | Koha item type | Cost, normal purchase price |
|---|---|---|---|---|---|---|---|---|---|---|---|---|---|---|---|
| Dewey Decimal Classification | Not For Loan | Non-fiction | Central Library, University of Rajshahi | Central Library, University of Rajshahi | Reading Room | 22/08/1961 | U.K.Colombo Plan | 621.3132 RAD 1964 | 19/03/2017 | C-1 | Books | ||||
| Dewey Decimal Classification | Non-fiction | Central Library, University of Rajshahi | Central Library, University of Rajshahi | 19/05/1967 | Continental publication | 621.3132 RAD 1964 | 28/05/2017 | C-2 | Books | 15.75 |